000 00944cam a2200205 4500
001 WB3816-07
008 020501n2002 000 0 eng u
035 _a(Sirsi) u117801
245 _aEuropean hotel investment market slows
260 _c2002
490 _aJones Lang LaSalle Press Release
_v25 April 2002, (3)
520 _aJones Lang LaSalle Hotels', "Digest Europe 2002" reveals that investment in single-asset hotel deals in Europe fell from a peak of £1.4bn in 2000 to £1.2bn in 2001. The strongest hotel trading markets in 2001 were Munich and Frankfurt, with London as the worst performer. JLL predicts increased activity in 2002. http://www.joneslanglasalle.com/news/2002/apr/invest.html
590 _aWB
650 _aEUROPE
650 _aHOTEL MARKET
650 _aJONES LANG LASALLE
650 _aINVESTMENT MARKET
690 _aPROPERTY-COMMERCIAL PROPERTY-COMMERCIAL PROPERTY FINANCE AND INVESTMENT
942 _n0
999 _c70147
_d70147